000
00392nam a2200145Ia 4500
008
100122s9999 xx 000 0 und d
082
_b
29888
_a
808.08
100
_a
संत वि द
245
_a
गुलमोहर
260
_b
प्रणव प्रकाशन
_c
1905
300
_a
102
630
_a
गुलमोहर
730
_a
गुलमोहर
942
_c
BOOK
999
_c
414973
_d
414970